00961ngm a2200241 a 450000500170000000800410001708200190005824500720007725000190014930000620016849000390023050000900026965000680035965000470042770000450047494200200051926400420053933600270058133700330060833800280064104000350066999900150070420220317001300.0160825s1964 ck g 000 0 spa 04a791.436bM14rt13aEl río de las tumbascdirección Julio Luzardohvideograbación a1a. edición  a1 videocasete en VHS (87 minutos)bsonido, color c20 cm  aLa maletappelículas colombianas aLa película pertenece a la colección La Maleta. Dirigida para un público adulto142LEMBaPelículas cinematográficas colombianasvVideocasetes 142LEMBaViolencia en el cine vVideocasetes 1 aLuzardo González, Juliod1938- 968682 2ddccVIDEOCASET aBogotábMinisterio de Culturac1964 atextobtxt2rdacontent asin mediaciónbn2rdamedia avolumenbnc2rdacarrier aCO-BoRNBPbspaerdacCO-BoRNBP c6484d6484